| Tag |
First Indicator |
Second Indicator |
Subfields |
| LEADER |
00000cam a2200000 a 4500 |
| 001 |
in00000008397 |
| 005 |
20151003050046.0 |
| 008 |
870302s1987 nyua b 00110 eng |
| 010 |
|
|
|a 87005758
|
| 020 |
|
|
|a 0393023923 :
|c $15.95
|
| 035 |
|
|
|a (OCoLC)15366616
|
| 035 |
|
|
|9 AAA0784AM
|
| 040 |
|
|
|a DLC
|c DLC
|d TXA
|d UtOrBLW
|
| 043 |
|
|
|a n-us---
|
| 050 |
0 |
0 |
|a PE3102.N42
|b O77 1987
|
| 082 |
0 |
|
|a 427/.08996073
|2 19
|
| 100 |
1 |
|
|a Orr, Eleanor Wilson.
|
| 245 |
1 |
0 |
|a Twice as less :
|b Black English and the performance of black students in mathematics and science /
|c Eleanor Wilson Orr.
|
| 250 |
|
|
|a 1st ed.
|
| 264 |
|
1 |
|a New York :
|b Norton,
|c [1987]
|
| 264 |
|
4 |
|c ©1987
|
| 300 |
|
|
|a 240 pages :
|b illustrations ;
|c 24 cm.
|
| 336 |
|
|
|a text
|b txt
|2 rdacontent
|
| 337 |
|
|
|a unmediated
|b n
|2 rdamedia
|
| 338 |
|
|
|a volume
|b nc
|2 rdacarrier
|
| 504 |
|
|
|a Bibliography: pages [234]-235.
|
| 500 |
|
|
|a Includes indexes.
|
| 650 |
|
0 |
|a Black English.
|
| 650 |
|
0 |
|a African Americans
|x Education.
|
| 650 |
|
0 |
|a African Americans
|x Language.
|
| 650 |
|
0 |
|a Language and education
|z United States.
|
| 650 |
|
0 |
|a African American scientists.
|
| 650 |
|
0 |
|a African American mathematicians.
|
| 650 |
|
0 |
|a Mathematics
|x Study and teaching
|z United States.
|
| 650 |
|
0 |
|a Science
|x Study and teaching
|z United States.
|
| 999 |
|
|
|a MARS
|
| 999 |
f |
f |
|s 1d643fc7-b727-3d73-8651-4101ad66ec63
|i feeb18d1-1e94-3cd1-a43c-421e14e9cf6f
|t 0
|
| 952 |
f |
f |
|p ric
|a Texas A&M University
|b Rellis Campus
|c Joint Library Facility
|s JLF
|d Remote Storage
|t 0
|e PE3102.B54 O77 1987
|h Library of Congress classification
|i unmediated -- volume
|m A14811007038
|
| 998 |
f |
f |
|a PE3102.B54 O77 1987
|t 0
|l Remote Storage
|